LEADER 02563nam 2200637 a 450 001 9910958320103321 005 20240416104632.0 010 $a0-8132-1181-6 035 $a(CKB)111004368603382 035 $a(SSID)ssj0000485558 035 $a(PQKBManifestationID)11307145 035 $a(PQKBTitleCode)TC0000485558 035 $a(PQKBWorkID)10603779 035 $a(PQKB)11381413 035 $a(SSID)ssj0000397656 035 $a(PQKBManifestationID)12123940 035 $a(PQKBTitleCode)TC0000397656 035 $a(PQKBWorkID)10357441 035 $a(PQKB)11785561 035 $a(OCoLC)867796770 035 $a(MdBmJHUP)muse23979 035 $a(Au-PeEL)EBL3134851 035 $a(CaPaEBR)ebr10382803 035 $a(OCoLC)922996722 035 $a(MiAaPQ)EBC3134851 035 $a(EXLCZ)99111004368603382 100 $a19891019d1989 uy i 101 0 $aeng 135 $aurcn||||||||| 181 $ctxt$2rdacontent 182 $cc$2rdamedia 183 $acr$2rdacarrier 200 10$aLetters$hvolume VI$i(1*-29*) /$fSaint Augustine ; translated by Robert B. Eno 205 $a1st ed. 210 1$aWashington :$cCatholic University of America Press,$d1989. 215 $a1 online resource (xii, 208 pages) 225 1 $aThe fathers of the church, a new translation ;$vv. 81 300 $aBibliographic Level Mode of Issuance: Monograph 311 08$a0-8132-1448-3 311 08$a0-8132-0081-4 320 $aIncludes bibliographical references (p. ix-xii) and indexes. 327 $aIntro -- Contents -- Abbreviations -- Select Bibliography -- Introduction -- Letter 1 -- Letter 1*a -- Letter 2 -- Letter 3 -- Letter 4 -- Letter 5 -- Letter 6 -- Letter 7 -- Letter 8 -- Letter 9 -- Letter 10 -- Letter 11 -- Letter 12 -- Letter 13 -- Letter 14 -- Letter 15 -- Letter 16 -- Letter 17 -- Letter 18 -- Letter 19 -- Letter 20 -- Letter 21 -- Letter 22 -- Letter 23 -- Letter 23*a -- Letter 24 -- Letter 25 -- Letter 26 -- Letter 27 -- Letter 28 -- Letter 29 -- Indicies -- Index of Persons -- Subject Index -- Index of Citations. 330 $aNo description available. 410 0$aFathers of the church ;$v81. 606 $aChristian saints$zAlgeria$zHippo (Extinct city)$vCorrespondence 615 0$aChristian saints 676 $a270.2/092/4 700 $aAugustine$cof Hippo, Saint,$f354-430.$0152280 701 $aEno$b Robert B$01856684 801 0$bMiAaPQ 801 1$bMiAaPQ 801 2$bMiAaPQ 906 $aBOOK 912 $a9910958320103321 996 $aLetters$94456382 997 $aUNINA